[Event "Campeonato del Mundo sub-20 2010 Fem."]
[Site "Chotowa-Czarna, Poland"]
[Date "2010.08.09"]
[Round "6.18"]
[White "Baciu, Diana"]
[Black "Guo, Emma"]
[Result "1/2-1/2"]
[WhiteElo "2127"]
[BlackElo "1965"]
[PlyCount "99"]
[EventDate "2010.08.03"]
[EventType "swiss"]
[EventRounds "13"]
[EventCountry "POL"]
[Source "lmi"]
[SourceDate "2010.08.03"]

1. e4 c5 2. Nf3 e6 3. c3 d5 4. exd5 Qxd5 5. d4 Nf6 6. Na3 Qd8 7. Nc2 Nbd7 8.
Bd3 Qc7 9. O-O b6 10. Qe2 Bb7 11. Re1 Bd6 12. Na3 a6 13. Nc4 O-O 14. Nxd6 Qxd6
15. dxc5 Nxc5 16. Bc2 h6 17. Be3 Ng4 18. Bxc5 Qxc5 19. Nd4 Qg5 20. f3 Nf6 21.
a4 Rad8 22. Bd3 Nd5 23. Qe4 g6 24. h4 Qg3 25. Ne2 Qc7 26. Qc4 Qd6 27. Be4 Ne3
28. Bd3 Nd5 29. Be4 Ne3 30. Qd4 Bxe4 31. Qxe3 Bc2 32. Nd4 Bf5 33. Qxh6 Qg3 34.
Qg5 Qxg5 35. hxg5 Rd5 36. g4 Bxg4 37. fxg4 Rxg5 38. Re4 f5 39. Rxe6 Rxg4+ 40.
Kf2 Kf7 41. Rxb6 Rh8 42. Nf3 Rf4 43. Ke2 Re8+ 44. Kf2 g5 45. Rb7+ Kg8 46. Kg3
Rg4+ 47. Kh3 Re6 48. Rb8+ Kg7 49. Rb7+ Kg8 50. Rb8+ 1/2-1/2

[Event "Campeonato del Mundo sub-20 2010 Fem."]
[Site "Chotowa-Czarna, Poland"]
[Date "2010.08.09"]
[Round "6.19"]
[White "Kaya, Emel"]
[Black "Olsarova, Tereza"]
[Result "0-1"]
[WhiteElo "2015"]
[BlackElo "2252"]
[PlyCount "74"]
[EventDate "2010.08.03"]
[EventType "swiss"]
[EventRounds "13"]
[EventCountry "POL"]
[Source "lmi"]
[SourceDate "2010.08.03"]

1. e4 c5 2. Nf3 Nc6 3. Bb5 Nb8 4. Bf1 Nc6 5. Bb5 e6 6. O-O Nge7 7. c3 a6 8. Ba4
c4 9. d4 cxd3 10. Qxd3 b5 11. Bc2 Ng6 12. Bg5 Qc7 13. Nbd2 Bd6 14. Rad1 h6 15.
Be3 Nce5 16. Nxe5 Nxe5 17. Qe2 O-O 18. f4 Nc4 19. Nxc4 bxc4 20. Bd4 Rb8 21.
Bxg7 Kxg7 22. Qg4+ Kh8 23. Qh4 Kg7 24. Qg4+ Kh8 25. Rf3 Rg8 26. Qh4 Bf8 27. e5
Rxb2 28. Be4 Rgxg2+ 29. Kh1 Rxh2+ 30. Qxh2 Rxh2+ 31. Kxh2 d5 32. Bc2 Qe7 33.
Kh3 f5 34. Rg3 Qf7 35. Rdg1 Kh7 36. Kg2 Bc5 37. Rh1 d4 0-1

[Event "Campeonato del Mundo sub-20 2010 Fem."]
[Site "Chotowa-Czarna, Poland"]
[Date "2010.08.09"]
[Round "6.20"]
[White "Saduakassova, Dinara"]
[Black "Butuc, Maria"]
[Result "1/2-1/2"]
[WhiteElo "2131"]
[BlackElo "2220"]
[PlyCount "30"]
[EventDate "2010.08.03"]
[EventType "swiss"]
[EventRounds "13"]
[EventCountry "POL"]
[Source "lmi"]
[SourceDate "2010.08.03"]

1. e4 e6 2. d4 d5 3. Nd2 dxe4 4. Nxe4 Nd7 5. Nf3 Ngf6 6. Nxf6+ Nxf6 7. Bd3 c5
8. dxc5 Bxc5 9. Bb5+ Bd7 10. Bxd7+ Qxd7 11. Qxd7+ Nxd7 12. Ke2 Ke7 13. c4 Rhd8
14. Rd1 Nf6 15. Be3 Bxe3 1/2-1/2

[Event "Campeonato del Mundo sub-20 2010 Fem."]
[Site "Chotowa-Czarna, Poland"]
[Date "2010.08.09"]
[Round "6.21"]
[White "Edes, Zsofia"]
[Black "Lach, Aleksandra"]
[Result "0-1"]
[WhiteElo "2097"]
[BlackElo "2179"]
[PlyCount "50"]
[EventDate "2010.08.03"]
[EventType "swiss"]
[EventRounds "13"]
[EventCountry "POL"]
[Source "lmi"]
[SourceDate "2010.08.03"]

1. d4 Nf6 2. c4 g6 3. Nc3 Bg7 4. e4 d6 5. f3 O-O 6. Be3 Nbd7 7. g4 c5 8. d5 a6
9. a4 Qa5 10. Qc1 e6 11. Bd2 Qb6 12. Rb1 Qd8 13. Bg5 Qe8 14. Bh6 exd5 15. cxd5
Qe7 16. h4 Ne5 17. Be2 b5 18. Qg5 b4 19. Nd1 Bxh6 20. Qxh6 Nexg4 21. fxg4 Qxe4
22. Rh3 Bxg4 23. Rg3 Bxe2 24. Nxe2 Qxb1 25. h5 Rae8 0-1

[Event "Campeonato del Mundo sub-20 2010 Fem."]
[Site "Chotowa-Czarna, Poland"]
[Date "2010.08.09"]
[Round "6.22"]
[White "Andrenko, Irina"]
[Black "Khanamiryan, Ani"]
[Result "1-0"]
[WhiteElo "2133"]
[BlackElo "2014"]
[PlyCount "97"]
[EventDate "2010.08.03"]
[EventType "swiss"]
[EventRounds "13"]
[EventCountry "POL"]
[Source "lmi"]
[SourceDate "2010.08.03"]

1. e4 Nf6 2. e5 Nd5 3. d4 d6 4. Nf3 Nf6 5. Ng1 Nd5 6. Nf3 Bg4 7. Be2 e6 8. h3
Bh5 9. c4 Nb6 10. exd6 cxd6 11. Nc3 Be7 12. d5 e5 13. g4 Bg6 14. h4 h5 15. g5
N8d7 16. Bd3 Bxd3 17. Qxd3 Qc8 18. b3 Nc5 19. Qe2 Qf5 20. Be3 Nd3+ 21. Kd2 Nf4
22. Bxf4 Qxf4+ 23. Qe3 Qf5 24. Rhe1 O-O 25. Qe4 Qd7 26. Ne2 f5 27. gxf6 Rxf6
28. Rg1 Qf5 29. Ng5 Raf8 30. Rg2 Rg6 31. Qxf5 Rxf5 32. Rag1 Bxg5+ 33. hxg5 h4
34. Ke3 Nd7 35. Ke4 Rf8 36. f4 Nc5+ 37. Ke3 Rf5 38. b4 h3 39. Rh2 exf4+ 40.
Nxf4 Rfxg5 41. Rxg5 Rxg5 42. bxc5 dxc5 43. Rxh3 Re5+ 44. Kd3 Kf7 45. Ne6 b5 46.
Rf3+ Ke7 47. Nxg7 bxc4+ 48. Kxc4 Re2 49. Re3+ 1-0

[Event "Campeonato del Mundo sub-20 2010 Fem."]
[Site "Chotowa-Czarna, Poland"]
[Date "2010.08.09"]
[Round "6.23"]
[White "Cori Tello, Deysi Estela"]
[Black "Chierici, Marianna"]
[Result "0-1"]
[WhiteElo "2403"]
[BlackElo "2016"]
[PlyCount "80"]
[EventDate "2010.08.03"]
[EventType "swiss"]
[EventRounds "13"]
[EventCountry "POL"]
[Source "lmi"]
[SourceDate "2010.08.03"]

1. d4 f5 2. c4 e6 3. Nf3 Nf6 4. Nc3 d5 5. Bf4 c6 6. e3 Be7 7. Qc2 O-O 8. Bd3
Ne4 9. g4 Na6 10. a3 Nc7 11. gxf5 Nxc3 12. Qxc3 dxc4 13. Bxc7 Qxc7 14. Qxc4
Qa5+ 15. Ke2 Kh8 16. Ne5 Bd6 17. f4 Bxe5 18. fxe5 exf5 19. Rhf1 Qd8 20. Rf2 Qg5
21. Raf1 g6 22. Kd2 Re8 23. Rf4 Be6 24. Qc1 Qg2+ 25. R1f2 Qd5 26. h4 Rac8 27.
Ke2 c5 28. Qd1 c4 29. Bc2 Red8 30. e4 fxe4 31. Ke3 Bf5 32. h5 Qb5 33. hxg6 Bxg6
34. Rf6 Qxb2 35. Rxg6 Qc3+ 36. Ke2 Rxd4 37. Qc1 e3 38. Rf7 Rd2+ 39. Kf3 Rf2+
40. Ke4 Rxf7 0-1

[Event "Campeonato del Mundo sub-20 2010 Fem."]
[Site "Chotowa-Czarna, Poland"]
[Date "2010.08.09"]
[Round "6.25"]
[White "Petrova, Irina"]
[Black "Rysbayeva, Aigerim"]
[Result "1-0"]
[WhiteElo "2014"]
[BlackElo "2209"]
[PlyCount "101"]
[EventDate "2010.08.03"]
[EventType "swiss"]
[EventRounds "13"]
[EventCountry "POL"]
[Source "lmi"]
[SourceDate "2010.08.03"]

1. d4 d5 2. c4 c6 3. Nf3 Nf6 4. Nc3 dxc4 5. a4 Bf5 6. Ne5 Nbd7 7. Nxc4 Nb6 8.
Ne5 a5 9. g3 e6 10. Bg2 Bb4 11. O-O O-O 12. e3 h6 13. Qe2 Bh7 14. Bd2 Qe7 15.
Rfc1 Rfd8 16. Be1 Nfd7 17. Nxd7 Rxd7 18. Ne4 Bxe1 19. Qxe1 Nd5 20. Nc5 Rdd8 21.
Ra3 Nb4 22. Qe2 Rac8 23. Qh5 Bg6 24. Qe5 b6 25. Ne4 f6 26. Qf4 c5 27. h4 Nd5
28. Qg4 Bf5 29. Qd1 cxd4 30. Rxc8 Rxc8 31. Qxd4 Rc1+ 32. Kh2 Qc7 33. Nc3 Nb4
34. Nb5 Qc5 35. Qd8+ Kh7 36. Nd4 Bg4 37. Be4+ f5 38. Nxe6 Qc8 39. Qe7 Qg8 40.
Bg2 Rc8 41. Nf4 Rc2 42. Rc3 Rxf2 43. Qd7 Rxb2 44. Rc8 Rd2 45. Qb7 Rd8 46. Rc7
Re8 47. Qxb6 Rb8 48. Qg6+ Kh8 49. Ne6 Bh5 50. Qxf5 Re8 51. Rxg7 1-0

[Event "Campeonato del Mundo sub-20 2010 Fem."]
[Site "Chotowa-Czarna, Poland"]
[Date "2010.08.09"]
[Round "6.26"]
[White "Tomaszewska, Luiza"]
[Black "Semenova, Elena"]
[Result "0-1"]
[WhiteElo "1968"]
[BlackElo "2194"]
[PlyCount "80"]
[EventDate "2010.08.03"]
[EventType "swiss"]
[EventRounds "13"]
[EventCountry "POL"]
[Source "lmi"]
[SourceDate "2010.08.03"]

1. d4 d5 2. Nc3 Nf6 3. Bg5 c6 4. e3 h6 5. Bxf6 exf6 6. Bd3 f5 7. Nge2 Bd6 8.
Qd2 Be6 9. Nf4 Nd7 10. Nxe6 fxe6 11. Ne2 Qf6 12. c3 O-O-O 13. O-O-O Kb8 14. f4
g5 15. g3 Qe7 16. Kb1 Nf6 17. Ka1 Rhg8 18. b4 Kc7 19. Rb1 Rc8 20. b5 cxb5 21.
Rxb5 a6 22. Rb3 b5 23. Rhb1 Kd8 24. h3 Bc7 25. Rg1 Kd7 26. g4 Ne4 27. Bxe4 fxe4
28. Rbb1 Ba5 29. Rb3 Rc4 30. Qb2 Rgc8 31. fxg5 hxg5 32. Ra3 Qd8 33. Rf1 Ke7 34.
Rb3 Qd6 35. h4 gxh4 36. Nf4 Bxc3 37. Rxc3 Rxc3 38. Ng6+ Ke8 39. Nxh4 Rc2 40.
Qb1 Qa3 0-1

[Event "Campeonato del Mundo sub-20 2010 Fem."]
[Site "Chotowa-Czarna, Poland"]
[Date "2010.08.09"]
[Round "6.28"]
[White "Lepeskaite, Migle"]
[Black "Guadamuro Torrente, Anabel"]
[Result "0-1"]
[WhiteElo "1801"]
[BlackElo "2137"]
[PlyCount "76"]
[EventDate "2010.08.03"]
[EventType "swiss"]
[EventRounds "13"]
[EventCountry "POL"]
[Source "lmi"]
[SourceDate "2010.08.03"]

1. d4 d5 2. c4 c6 3. Nf3 Nf6 4. Nc3 a6 5. a4 e6 6. Bg5 Be7 7. e3 a5 8. Bd3 h6
9. Bh4 Na6 10. O-O Nb4 11. Re1 Nxd3 12. Qxd3 O-O 13. e4 dxe4 14. Nxe4 Nxe4 15.
Bxe7 Qxe7 16. Rxe4 b6 17. Qb3 Qc7 18. c5 bxc5 19. dxc5 Ba6 20. Rd1 Rfd8 21. Qc2
Rd5 22. Red4 Rad8 23. Qe4 Rb8 24. Qc2 Qe7 25. Rxd5 cxd5 26. Nd4 Rc8 27. c6 Qb4
28. c7 Qb6 29. Qc6 Qxc6 30. Nxc6 Rxc7 31. Nxa5 Rc2 32. Ra1 d4 33. Nb3 e5 34. f3
Bb7 35. Nc1 Ba6 36. b3 d3 37. Nxd3 Bxd3 38. b4 Rc7 0-1

[Event "Campeonato del Mundo sub-20 2010 Fem."]
[Site "Chotowa-Czarna, Poland"]
[Date "2010.08.09"]
[Round "6.29"]
[White "Mareckova, Martina"]
[Black "Kasperek, Joanna"]
[Result "1/2-1/2"]
[WhiteElo "2095"]
[BlackElo "2001"]
[PlyCount "129"]
[EventDate "2010.08.03"]
[EventType "swiss"]
[EventRounds "13"]
[EventCountry "POL"]
[Source "lmi"]
[SourceDate "2010.08.03"]

1. e4 c5 2. f4 e6 3. Nf3 a6 4. a4 Nc6 5. Nc3 d6 6. d3 g6 7. Be3 Bg7 8. g4 Nge7
9. Bg2 Nd4 10. Bxd4 cxd4 11. Ne2 Nc6 12. Qd2 Bd7 13. Ng3 Qb6 14. O-O O-O 15. f5
exf5 16. gxf5 Ne5 17. Nxe5 dxe5 18. h4 Rac8 19. b3 Qd8 20. h5 Qh4 21. Rf3 Bf6
22. Qe2 Bg5 23. Ra2 Be3+ 24. Kf1 Qh2 25. Rxe3 dxe3 26. Qxe3 Qh4 27. c4 b5 28.
axb5 axb5 29. Ra7 Bc6 30. Kg1 Ra8 31. Rc7 Rfc8 32. Rxc8+ Rxc8 33. hxg6 fxg6 34.
fxg6 hxg6 35. Nf1 bxc4 36. dxc4 Rb8 37. Qc5 Qf6 38. b4 Be8 39. b5 Bf7 40. Nd2
Qf4 41. Nf3 Qxe4 42. Nxe5 Qe1+ 43. Kh2 Qh4+ 44. Kg1 Rd8 45. Qe3 Bxc4 46. Nxc4
Qxc4 47. b6 Qd4 48. Qxd4 Rxd4 49. b7 Rb4 50. Kf2 Kf7 51. Kg3 Kf6 52. Bd5 Ke5
53. Bf3 g5 54. Bg2 Kf5 55. Bc6 Rb3+ 56. Kf2 Kf4 57. Ke2 g4 58. Kd2 Kg3 59. Kc2
Rb6 60. Kd3 Kf2 61. Kd4 g3 62. Kc5 Rb1 63. Kd6 g2 64. Bxg2 Kxg2 65. Kc7 1/2-1/2

[Event "Campeonato del Mundo sub-20 2010 Fem."]
[Site "Chotowa-Czarna, Poland"]
[Date "2010.08.09"]
[Round "6.30"]
[White "Pratyusha, Bodda"]
[Black "Jablonska, Sabina"]
[Result "1-0"]
[WhiteElo "2073"]
[BlackElo "1876"]
[PlyCount "49"]
[EventDate "2010.08.03"]
[EventType "swiss"]
[EventRounds "13"]
[EventCountry "POL"]
[Source "lmi"]
[SourceDate "2010.08.03"]

1. e4 c5 2. Nc3 d6 3. f4 Nc6 4. Nf3 g6 5. Bc4 Bg7 6. d3 Nf6 7. O-O O-O 8. a3
Rb8 9. Qe1 a6 10. Qh4 e6 11. f5 exf5 12. Bg5 h6 13. Bxh6 Nh7 14. Bg5 Bf6 15.
Bxf6 Qxf6 16. exf5 Qxf5 17. Ne4 Qg4 18. Nxd6 Qd7 19. Ne4 Kg7 20. Kh1 b6 21.
Neg5 Nxg5 22. Nxg5 Rh8 23. Qg3 f5 24. Ne6+ Kf6 25. Qg5+ 1-0

[Event "Campeonato del Mundo sub-20 2010 Fem."]
[Site "Chotowa-Czarna, Poland"]
[Date "2010.08.09"]
[Round "6.32"]
[White "Cyboran, Katarzyna"]
[Black "Tonel, Giulia"]
[Result "1-0"]
[WhiteElo "1777"]
[BlackElo "2001"]
[PlyCount "71"]
[EventDate "2010.08.03"]
[EventType "swiss"]
[EventRounds "13"]
[EventCountry "POL"]
[Source "lmi"]
[SourceDate "2010.08.03"]

1. e4 c5 2. Nf3 Nc6 3. d4 cxd4 4. Nxd4 e5 5. Nb5 d6 6. N1c3 a6 7. Na3 Be7 8.
Nc4 b5 9. Ne3 Nf6 10. Ned5 O-O 11. Be3 b4 12. Nxf6+ Bxf6 13. Nd5 Rb8 14. Bc4
Bg5 15. O-O Kh8 16. Qe2 a5 17. Qh5 Be7 18. Rad1 f5 19. Nxe7 Qxe7 20. Bg5 Qc7
21. Rd3 fxe4 22. Rg3 Nd4 23. Bd5 g6 24. Qh4 Ne2+ 25. Kh1 Nxg3+ 26. hxg3 h5 27.
Bf6+ Kh7 28. Bxe4 Bg4 29. f3 d5 30. Bxg6+ Kxg6 31. fxg4 Qh7 32. Qg5+ Kf7 33.
Bg7+ Kg8 34. Bxf8+ Kh8 35. Qxe5+ Kg8 36. Qxb8 1-0

[Event "Campeonato del Mundo sub-20 2010 Fem."]
[Site "Chotowa-Czarna, Poland"]
[Date "2010.08.09"]
[Round "6.33"]
[White "Deur, Zrinka"]
[Black "Lis, Marcelina"]
[Result "1-0"]
[WhiteElo "2061"]
[BlackElo "1905"]
[PlyCount "56"]
[EventDate "2010.08.03"]
[EventType "swiss"]
[EventRounds "13"]
[EventCountry "POL"]
[Source "lmi"]
[SourceDate "2010.08.03"]

1. e4 c5 2. Nf3 e6 3. d4 cxd4 4. Nxd4 a6 5. Bd3 Qc7 6. O-O Nf6 7. Qe2 b5 8. a4
b4 9. c3 Bb7 10. e5 Nd5 11. c4 Ne7 12. Nd2 Nbc6 13. Nxc6 Nxc6 14. Nf3 d6 15.
exd6 Bxd6 16. Be3 Na5 17. c5 Bf4 18. Rac1 O-O 19. Bxf4 Qxf4 20. Ne5 Bd5 21. g3
Qh6 22. h4 f5 23. Bxa6 Nb3 24. Rcd1 Nxc5 25. Bc4 Nxa4 26. Rxd5 f4 27. Ng4 Qg6
28. Rg5 Qe8 1-0

[Event "Campeonato del Mundo sub-20 2010 Fem."]
[Site "Chotowa-Czarna, Poland"]
[Date "2010.08.09"]
[Round "6.36"]
[White "Krumova, Ani"]
[Black "Oliver, Tamzin L"]
[Result "1-0"]
[WhiteElo "1916"]
[BlackElo "1737"]
[PlyCount "45"]
[EventDate "2010.08.03"]
[EventType "swiss"]
[EventRounds "13"]
[EventCountry "POL"]
[Source "lmi"]
[SourceDate "2010.08.03"]

1. e4 c5 2. c3 d5 3. exd5 Qxd5 4. d4 Nf6 5. Nf3 e6 6. Bd3 Nc6 7. O-O Be7 8. a3
cxd4 9. cxd4 O-O 10. Be3 a6 11. Nc3 Qd6 12. Qe2 b5 13. Rad1 Bb7 14. Rfe1 Qc7
15. Bb1 Na7 16. Bg5 Nd5 17. Qc2 g6 18. Nxd5 Qxc2 19. Nxe7+ Kg7 20. Bxc2 f6 21.
Bf4 Rad8 22. Rxe6 Kf7 23. Bb3 1-0

[Event "Campeonato del Mundo sub-20 2010 Fem."]
[Site "Chotowa-Czarna, Poland"]
[Date "2010.08.09"]
[Round "6.37"]
[White "Gora, Antonina"]
[Black "Ursente, Maria-eugenia"]
[Result "0-1"]
[WhiteElo "1579"]
[BlackElo "1978"]
[PlyCount "66"]
[EventDate "2010.08.03"]
[EventType "swiss"]
[EventRounds "13"]
[EventCountry "POL"]
[Source "lmi"]
[SourceDate "2010.08.03"]

1. e4 g6 2. d4 Bg7 3. Nf3 d6 4. Nc3 Nf6 5. Be2 O-O 6. O-O Bg4 7. h3 Bxf3 8.
Bxf3 Nc6 9. Be3 e5 10. d5 Ne7 11. Qd2 Nd7 12. Bg5 f5 13. Bh6 Nf6 14. Bxg7 Kxg7
15. Kh1 f4 16. Rad1 Qd7 17. Kh2 g5 18. Qe2 Ng6 19. g3 Rh8 20. Bh5 Raf8 21. Rg1
Rhg8 22. Rg2 Kh8 23. Bf3 Qg7 24. Rdg1 g4 25. h4 gxf3 26. Qxf3 fxg3+ 27. Qxg3
Qh6 28. Qg5 Qxh4+ 29. Qxh4 Nxh4 30. Rxg8+ Rxg8 31. Rxg8+ Kxg8 32. Nb5 a6 33.
Nxc7 Nxe4 0-1

[Event "Campeonato del Mundo sub-20 2010 Fem."]
[Site "Chotowa-Czarna, Poland"]
[Date "2010.08.10"]
[Round "7.1"]
[White "Muzychuk, Anna"]
[Black "Padmini, Rout"]
[Result "1-0"]
[WhiteElo "2527"]
[BlackElo "2275"]
[PlyCount "93"]
[EventDate "2010.08.03"]
[EventType "swiss"]
[EventRounds "13"]
[EventCountry "POL"]
[Source "lmi"]
[SourceDate "2010.08.03"]

1. c4 e5 2. Nc3 Nc6 3. g3 g6 4. Bg2 Bg7 5. d3 d6 6. e3 Nf6 7. Nge2 O-O 8. O-O
Be6 9. Nd5 Qd7 10. f4 Bh3 11. fxe5 Nxd5 12. e6 fxe6 13. Bxh3 Rxf1+ 14. Qxf1 Nf6
15. Nc3 Qf7 16. Bd2 Rf8 17. Qe2 Qe7 18. d4 g5 19. Rb1 Nd8 20. b4 h5 21. Qd3 g4
22. Bg2 Nh7 23. Ne2 e5 24. Nc3 c6 25. d5 Ng5 26. Rf1 Rxf1+ 27. Kxf1 c5 28. bxc5
dxc5 29. Ke2 Qf6 30. d6 Bf8 31. d7 Kg7 32. Nb5 Nf3 33. Bc3 Nxh2 34. Nc7 Kh6 35.
Qd5 Nf3 36. Bxf3 Qxf3+ 37. Qxf3 gxf3+ 38. Kxf3 Bd6 39. Ne8 Bb8 40. Ke4 Nc6 41.
Kd5 Kg5 42. Nd6 Bxd6 43. Kxd6 Kf5 44. Ba5 Kg4 45. d8=Q Nxd8 46. Bxd8 e4 47. Kd5
1-0

[Event "Campeonato del Mundo sub-20 2010 Fem."]
[Site "Chotowa-Czarna, Poland"]
[Date "2010.08.10"]
[Round "7.2"]
[White "Nakhbayeva, Guliskhan"]
[Black "Muminova, Nafisa"]
[Result "0-1"]
[WhiteElo "2216"]
[BlackElo "2290"]
[PlyCount "68"]
[EventDate "2010.08.03"]
[EventType "swiss"]
[EventRounds "13"]
[EventCountry "POL"]
[Source "lmi"]
[SourceDate "2010.08.03"]

1. d4 Nf6 2. c4 e6 3. Nc3 d5 4. cxd5 exd5 5. Bg5 Nbd7 6. e3 Bb4 7. Bd3 c5 8. a3
Bxc3+ 9. bxc3 Qa5 10. Ne2 c4 11. Bc2 h6 12. Bh4 g5 13. Bg3 Nh5 14. O-O Nxg3 15.
fxg3 Nf8 16. Rb1 Qxa3 17. e4 Qe7 18. Ba4+ Nd7 19. Rf5 O-O 20. Bxd7 Bxd7 21. Re5
Qa3 22. Qf1 f6 23. Rxd5 Bc6 24. Rc5 Bxe4 25. Re1 Rae8 26. g4 b6 27. Rxc4 Bd3
28. Rc7 Qa2 29. Qf3 Rxe2 30. Rxe2 Qxe2 31. Qxe2 Bxe2 32. Rxa7 b5 33. Rc7 Bxg4
34. Kf2 Rc8 0-1

[Event "Campeonato del Mundo sub-20 2010 Fem."]
[Site "Chotowa-Czarna, Poland"]
[Date "2010.08.10"]
[Round "7.3"]
[White "Girya, Olga"]
[Black "Ziaziulkina, Nastassia"]
[Result "1-0"]
[WhiteElo "2376"]
[BlackElo "2293"]
[PlyCount "155"]
[EventDate "2010.08.03"]
[EventType "swiss"]
[EventRounds "13"]
[EventCountry "POL"]
[Source "lmi"]
[SourceDate "2010.08.03"]

1. d4 Nf6 2. Nf3 e6 3. c4 b6 4. g3 Bb7 5. Bg2 Be7 6. O-O O-O 7. Re1 c5 8. d5
exd5 9. Nh4 Ne4 10. cxd5 Bxh4 11. Bxe4 Bf6 12. Nc3 d6 13. Qd3 h6 14. Bf4 Bg5
15. Qf3 Qe7 16. Bxg5 hxg5 17. Qh5 g6 18. Qh6 Nd7 19. Bg2 Qe5 20. Ne4 g4 21.
Rad1 Rfd8 22. Qf4 Qxf4 23. gxf4 Ba6 24. Nxd6 Nf6 25. Ne4 Nxe4 26. Bxe4 Re8 27.
Bd3 Bxd3 28. Rxd3 f5 29. Kg2 Kg7 30. h3 Re4 31. hxg4 Rxf4 32. gxf5 gxf5 33. Rh1
Rg4+ 34. Rg3 Rxg3+ 35. Kxg3 Re8 36. e3 Kf6 37. d6 Ke5 38. d7 Rd8 39. Rd1 b5 40.
Kf3 a5 41. b3 Ke6 42. Kf4 c4 43. bxc4 bxc4 44. e4 fxe4 45. Kxe4 c3 46. f4 c2
47. f5+ Kf6 48. Rd6+ Kf7 49. Rc6 Rxd7 50. Rxc2 a4 51. Rc4 Ra7 52. Kf4 a3 53.
Kg5 Kg7 54. Rc3 Kf7 55. Rh3 Ra4 56. Rh7+ Kg8 57. Rb7 Rc4 58. Rb3 Ra4 59. Kg6
Rg4+ 60. Kf6 Ra4 61. Rb8+ Kh7 62. Re8 Ra5 63. Ke6 Ra6+ 64. Kf7 Rb6 65. Ra8 Rb7+
66. Kf6 Rb6+ 67. Kg5 Kg7 68. Ra7+ Kf8 69. Rxa3 Kf7 70. Ra7+ Kf8 71. a4 Kg8 72.
a5 Rc6 73. Rb7 Ra6 74. f6 Rxa5+ 75. Kg6 Ra8 76. Kg5 Ra5+ 77. Kg6 Ra8 78. Rg7+
1-0

[Event "Campeonato del Mundo sub-20 2010 Fem."]
[Site "Chotowa-Czarna, Poland"]
[Date "2010.08.10"]
[Round "7.4"]
[White "Mammadova, Gulnar Marfat"]
[Black "Ohme, Melanie"]
[Result "1-0"]
[WhiteElo "2260"]
[BlackElo "2326"]
[PlyCount "89"]
[EventDate "2010.08.03"]
[EventType "swiss"]
[EventRounds "13"]
[EventCountry "POL"]
[Source "lmi"]
[SourceDate "2010.08.03"]

1. e4 e5 2. Nf3 Nc6 3. Bc4 Nf6 4. d3 Be7 5. Nc3 d6 6. h3 Na5 7. Bb3 Nxb3 8.
axb3 a6 9. d4 exd4 10. Nxd4 O-O 11. O-O Re8 12. Qd3 h6 13. f4 Bf8 14. Bd2 c5
15. Nde2 b5 16. Ng3 Bb7 17. Nd5 Nxd5 18. exd5 Rc8 19. c4 b4 20. f5 Be7 21. Nh5
Bf6 22. Qg3 Be5 23. Bf4 Qg5 24. Bxg5 Bxg3 25. Nxg3 hxg5 26. Rae1 Rcd8 27. Kf2
Bc8 28. Kg1 Kf8 29. Ne4 Re5 30. Nxg5 Rde8 31. Rxe5 Rxe5 32. g4 Re3 33. Rf3 Re2
34. f6 g6 35. Rg3 a5 36. h4 Rxb2 37. h5 gxh5 38. gxh5 Rb1+ 39. Kf2 Bf5 40. Re3
Rh1 41. Re7 Rxh5 42. Ra7 Ke8 43. Nxf7 Bc2 44. Nxd6+ Kd8 45. f7 1-0

[Event "Campeonato del Mundo sub-20 2010 Fem."]
[Site "Chotowa-Czarna, Poland"]
[Date "2010.08.10"]
[Round "7.6"]
[White "Abdulla, Khayala Mardan"]
[Black "Severiukhina, Zoja"]
[Result "0-1"]
[WhiteElo "2193"]
[BlackElo "2341"]
[PlyCount "128"]
[EventDate "2010.08.03"]
[EventType "swiss"]
[EventRounds "13"]
[EventCountry "POL"]
[Source "lmi"]
[SourceDate "2010.08.03"]

1. e4 e6 2. d4 d5 3. Nc3 Bb4 4. Nge2 dxe4 5. a3 Bxc3+ 6. Nxc3 Nc6 7. d5 exd5 8.
Qxd5 Nge7 9. Qxe4 Bf5 10. Qa4 O-O 11. Be3 Nd5 12. Nxd5 Qxd5 13. Rd1 Qe6 14. Bd3
Bxd3 15. Rxd3 Ne5 16. Rc3 c6 17. O-O Rfd8 18. Bf4 Ng6 19. Bg3 Rd5 20. Re3 Qd7
21. Rfe1 f5 22. f4 b6 23. Qc4 Kf8 24. Re6 c5 25. Qe2 Rd8 26. Qh5 Kg8 27. Qf3
Rd2 28. Qb3 Qd5 29. Qxd5 R8xd5 30. R6e2 h5 31. h3 h4 32. Bh2 Kf7 33. Kf2 Rxe2+
34. Rxe2 Rd4 35. c3 Rd3 36. g3 hxg3+ 37. Bxg3 Ne7 38. Re3 Rd2+ 39. Re2 Rd3 40.
Re3 Rd1 41. Re1 Rxe1 42. Kxe1 c4 43. Ke2 Ke6 44. Ke3 Kd5 45. Bf2 Nc6 46. Kf3
Na5 47. Bd4 g6 48. Be5 Nb3 49. Kg3 Nc5 50. Bb8 a6 51. Ba7 Kc6 52. Bb8 Kb5 53.
Ba7 Ne6 54. Kf3 Ka4 55. Bxb6 Kb3 56. Ba5 Kxb2 57. Bb4 Kb3 58. Kg3 Ka4 59. Bd6
a5 60. h4 Kb3 61. Be5 Kxa3 62. h5 gxh5 63. Kh4 Kb2 64. Kxh5 a4 0-1

[Event "Campeonato del Mundo sub-20 2010 Fem."]
[Site "Chotowa-Czarna, Poland"]
[Date "2010.08.10"]
[Round "7.7"]
[White "Warakomska, Anna"]
[Black "Melekhina, Alisa"]
[Result "0-1"]
[WhiteElo "2192"]
[BlackElo "2265"]
[PlyCount "94"]
[EventDate "2010.08.03"]
[EventType "swiss"]
[EventRounds "13"]
[EventCountry "POL"]
[Source "lmi"]
[SourceDate "2010.08.03"]

1. e4 e5 2. Nf3 Nc6 3. Bb5 g6 4. O-O Bg7 5. c3 d6 6. d4 Bd7 7. Be3 Nge7 8. d5
Nb8 9. Bxd7+ Nxd7 10. c4 O-O 11. Nc3 h6 12. Nd2 f5 13. f3 f4 14. Bf2 g5 15. b4
Nf6 16. c5 h5 17. Nc4 g4 18. cxd6 cxd6 19. Nb5 Nc8 20. Rc1 Rf7 21. Qe2 Bf8 22.
Rc2 Rg7 23. Rfc1 a6 24. Nba3 Nh7 25. Nd2 g3 26. hxg3 fxg3 27. Be3 Ne7 28. f4
Ng6 29. f5 Nf4 30. Bxf4 exf4 31. Nac4 b5 32. Na5 Qb6+ 33. Kh1 Nf6 34. e5 dxe5
35. Rc6 Qe3 36. Qxe3 fxe3 37. Rxf6 exd2 38. Rd1 Bxb4 39. Nc6 Bc3 40. Re6 Rg4
41. Rg6+ Rxg6 42. fxg6 Rf8 43. d6 e4 44. Ne7+ Kh8 45. g7+ Kxg7 46. d7 Ba5 47.
Nc6 e3 0-1

[Event "Campeonato del Mundo sub-20 2010 Fem."]
[Site "Chotowa-Czarna, Poland"]
[Date "2010.08.10"]
[Round "7.8"]
[White "Gosciniak, Maria"]
[Black "Corke, Anya"]
[Result "0-1"]
[WhiteElo "2149"]
[BlackElo "2257"]
[PlyCount "131"]
[EventDate "2010.08.03"]
[EventType "swiss"]
[EventRounds "13"]
[EventCountry "POL"]
[Source "lmi"]
[SourceDate "2010.08.03"]

1. e4 e6 2. d4 d5 3. Nc3 Nf6 4. e5 Nfd7 5. f4 c5 6. Nf3 Nc6 7. Be3 cxd4 8. Nxd4
Bc5 9. Qd2 O-O 10. O-O-O a6 11. Qf2 Nxd4 12. Bxd4 b6 13. Bd3 f6 14. Qh4 g6 15.
Ne2 fxe5 16. Qxd8 Rxd8 17. fxe5 Rf8 18. Rhe1 Bb7 19. c3 Rf7 20. g3 Re8 21. Rf1
Rxf1 22. Rxf1 Bf8 23. Nf4 Bg7 24. Re1 Kf7 25. h4 Ke7 26. Kc2 Ra8 27. Kd2 Bc6
28. Bc2 Rb8 29. Nh3 Nf8 30. Ng5 Be8 31. Bd3 h6 32. Nf3 Bb5 33. Bc2 Be8 34. g4
Nd7 35. g5 h5 36. a4 Nc5 37. a5 Ne4+ 38. Bxe4 dxe4 39. Rxe4 Bc6 40. Rf4 bxa5
41. Kc2 Ke8 42. Nd2 Bd5 43. Rf1 a4 44. Ra1 Bc6 45. Nc4 Be4+ 46. Kd2 Bc6 47.
Nd6+ Kd7 48. c4 Rf8 49. Ke2 Rf4 50. Rf1 Rxd4 51. Rf7+ Kd8 52. Rxg7 Rxh4 53. Kd3
Rh2 54. Kc3 Rh3+ 55. Kd4 Rh2 56. Kc5 Bd7 57. Rxg6 Rxb2 58. Rf6 a3 59. Rf3 a2
60. Ra3 Rg2 61. Rxa6 h4 62. g6 h3 63. g7 h2 64. Rxa2 h1=Q 65. g8=Q+ Rxg8 66.
Ra8+ 0-1